000 00855nam a2200229Ii 4500
003 JO-AjNU
008 230605s9999||||xx |||||||||||||| ||und||
017 _a1990/380
040 _aJO-AjNU
_bara
_erda
_cJO-AjNU
041 _aara
050 1 4 _aPJ6161.I2658 1990
100 3 _aتأليف النحوي الطراوة;تحقيق الضامن,حاتم صالح,
_eauthor
_916749
245 0 0 _aرسالة الافصاح ببعض ما جاء من الخطأ في الايضاح
250 _aط1
264 3 1 _aبغداد:وزارة الثقافة والاعلام دار الشؤون الثقافية العامة,1990
300 _a170ص
336 _atext
_btxt
_2rdacontent
337 _aunmediated
_bn
_2rdamedia
338 _avolume
_bnc
_2rdacarrier
490 0 _aسلسلة خزانة التراث
650 4 _aالافصاح-الايضاح
_916750
999 _aA5033
_c8601
_d8601